Vùng đất Nam Bộ quá trình hình thành và phát triển

Vùng đất Nam bộ với tư cách là một không gian địa lý và địa bàn hành chính thân thuộc, thiêng liêng của người dân đất Việt đã trải qua một quá trình hình thành, phát triển lâu dài, được bồi tụ chủ yếu bởi hai con sông lớn: sông Đồng Nai...

Full beskrivning

Sparad:
Bibliografiska uppgifter
Huvudupphovsman: Phan, Huy Lê
Materialtyp: Bok
Språk:Undetermined
Publicerad: Hà Nội Chính trị Quốc gia Sự thật 2017
Ämnen:
Taggar: Lägg till en tagg
Inga taggar, Lägg till första taggen!
Thư viện lưu trữ: Trung tâm Học liệu Trường Đại học Cần Thơ
LEADER 01384nam a2200217Ia 4500
001 CTU_220824
008 210402s9999 xx 000 0 und d
020 |c 375000 
082 |a 915.97 
082 |b L250/T.1 
100 |a Phan, Huy Lê 
245 0 |a Vùng đất Nam Bộ quá trình hình thành và phát triển 
245 0 |c Phan Huy Lê (chủ biên) 
260 |a Hà Nội 
260 |b Chính trị Quốc gia Sự thật 
260 |c 2017 
520 |a Vùng đất Nam bộ với tư cách là một không gian địa lý và địa bàn hành chính thân thuộc, thiêng liêng của người dân đất Việt đã trải qua một quá trình hình thành, phát triển lâu dài, được bồi tụ chủ yếu bởi hai con sông lớn: sông Đồng Nai và sông Mêkông. Nơi đây cũng đã từng tồn tại, phát tích của nền văn hóa Óc Eo và các vương quốc Phù Nam, Chân Lạp phát triển huy hoàng rồi suy tàn theo năm tháng... 
650 |a Việt Nam, miền Nam,Vietnam, Southern,Việt Nam, miền Nam,Vietnam, Southern 
650 |x Nền văn minh,History,Lịch sử,Civilization 
904 |i Hồng Trâm, Trúc 
980 |a Trung tâm Học liệu Trường Đại học Cần Thơ